000 00402nam a22001457a 4500
020 _a978-0-470-97445-2
082 _a446759/24
_b1
100 _aPorter,Brenda
245 _aPrinciplers of External Audating
_cDonation
250 _a4th ed
260 _aBritish Library
_bWiley
_c2014
300 _a861P
_bInculdes Bibliographical reference and index
700 _aJon Simon/David Hatherly
942 _cBK
999 _c22203
_d22203